Statistiques concernant Quizlendrier de l'Avent #02 - Paroles - All I want for Christmas is you

Cliquez ici pour prendre le quiz!

Statistiques générales

  • Ce quiz a été pris 413 fois
  • Le résultat moyen est 266 sur 373

Statistiques - réponses

Paroles% Correct
a
100%
I
100%
I'
100%
Christmas
99%
for
99%
want)
99%
want
99%
t
98%
You,
98%
you
98%
you,
98%
is
97%
All
96%
all
96%
do?
92%
don'
91%
the
90%
m
89%
just
86%
tree
84%
my
81%
need
81%
need?
81%
on
81%
lot
80%
There
79%
there
79%
one
78%
presents
77%
thing
77%
about
75%
come
75%
true
75%
care
74%
ever
73%
make
73%
Make
73%
wish
72%
own
70%
s
70%
know
69%
could
67%
and
66%
(and
66%
And
66%
underneath
66%
more
64%
More
64%
than
64%
baby
59%
baby,
59%
baby)
59%
to
56%
me?
47%
me
47%
Oh,
46%
oh,
46%
Oh-
46%
Santa,
41%
Santa
41%
Won'
39%
won'
39%
Claus
38%
happy
37%
Day
36%
hear
32%
(so
32%
so
32%
This
32%
this
32%
are
31%
can
30%
ask
28%
fireplace
28%
it
28%
with
28%
snow
27%
even
26%
What
26%
mistletoe
24%
upon
23%
much
22%
stocking
22%
toy
22%
hang
21%
tonight
21%
lights
19%
'Cause
18%
here
18%
North
17%
Pole
17%
Saint
17%
Nick
16%
really
16%
send
16%
shining
16%
wanna
16%
keep
15%
list
15%
of
15%
stay
15%
tight
15%
waiting
15%
asking
14%
everywhere
14%
gonna
14%
Holding
13%
those
13%
awake
12%
children'
12%
magic
12%
reindeer
12%
air
11%
brightly,
11%
brightly
11%
door
11%
please
11%
see
11%
bring
10%
click
10%
outside
10%
singing
10%
bells
9%
everyone
9%
sound
9%
right
8%
ringing
8%
fills
7%
laughter
7%
sleigh
7%
standing
7%

Distribution des résultats

Percentile par nombre de réponses

% des personnes avec chaque résultat

Votre développement - résultats

Vous n’avez pas pris ce quiz